Restrukturyzacja regionów zacofanych i walka z bezrobociem.

Francúzske intervencie do riešenia problémov a štruktúry zaostalých oblastí v 70. a 80. rokoch. Všeobecné zásady a organizácia podpory procesom reštrukturácie. Tri hlavné zásady francúzskej intervenčnej politiky. Program "essaimage" - rozširovania možností pre malé firmy. Reštrukturácia Lotrinska a...

Ausführliche Beschreibung

Gespeichert in:
Bibliographische Detailangaben
1. Verfasser: Libich, J.
Format: Buchkapitel
Sprache:Polnisch
Schlagworte:
Tags: Tag hinzufügen
Keine Tags, Fügen Sie das erste Tag hinzu!

MARC

LEADER 00000naa a2200000 4500
001 r004455
005 20221125123010.0
041 0 |a pol 
044 |a PL 
245 1 0 |a Restrukturyzacja regionów zacofanych i walka z bezrobociem.  |c J. Libich 
520 |a Francúzske intervencie do riešenia problémov a štruktúry zaostalých oblastí v 70. a 80. rokoch. Všeobecné zásady a organizácia podpory procesom reštrukturácie. Tri hlavné zásady francúzskej intervenčnej politiky. Program "essaimage" - rozširovania možností pre malé firmy. Reštrukturácia Lotrinska a Nord-Pasde-Calais. Ciele štátnej politiky. 
610 2 0 |a regióny 
610 2 0 |a Francúzsko 
610 2 0 |a zmeny štruktúrne 
610 2 0 |a 1970-1989 
610 2 0 |a nezamestnanosť 
610 2 0 |a štát 
610 2 0 |a rozvoj regionálny 
100 1 |a Libich, J.